Cordillera Central colombiana transecto Parque Los Nevados (Registro nro. 3715)

Detalles MARC
000 -CABECERA
Campo de control 01180nam a2200361 a 4500
005 - FECHA Y HORA DE LA ULTIMA TRANSACCION
Campo de control 20200522144602.0
008 - ELEMENTOS DE LONGITUD FIJA—INFORMACION GENERAL
Campo de control 140305b1983 lh ||||| |||| 00| 0 eng d
040 ## - FUENTE DE CATALOGACIÓN
Agencia catalogadora original CO-BoIAVH
Agencia transcriptora CO-BoIAVH
041 ## - IDIOMA
Código de idioma para texto/pista de sonido o título separado Español
Código de idioma de la versión original y/o traducciones intermedias del texto Inglés
082 ## - NUMERO DE CLASIFICACION DECIMAL DEWEY
Número de clasificación 918.861
090 ## - CLASIFICACIÓN LOCAL
Colección LB
Consecutivo 02251
100 ## - ASIENTO PRINCIPAL--NOMBRE PERSONAL
Nombre personal Hammen , Thomas van der
245 ## - MENCION DE TITULO
Título Cordillera Central colombiana transecto Parque Los Nevados
Parte restante del título introducción y datos iniciales
260 ## - PUBLICACION, DISTRIBUCION, ETC. (PIE DE IMPRENTA)
Lugar de publicación, distribución, etc. Vaduz
Nombre del editor, distribuidor, etc. J. Cramer
Fecha de publicación, distribución, etc. 1983
300 ## - DESCRIPCION FISICA
Extensión 344 p.
650 ## - ASIENTO SECUNDARIO DE MATERIA - TERMINO TEMATICO
Término temático o nombre geográfico como elemento de entrada Ecosistemas andinos
650 ## - ASIENTO SECUNDARIO DE MATERIA - TERMINO TEMATICO
Término temático o nombre geográfico como elemento de entrada Geomorfología
650 ## - ASIENTO SECUNDARIO DE MATERIA - TERMINO TEMATICO
Término temático o nombre geográfico como elemento de entrada Clima
650 ## - ASIENTO SECUNDARIO DE MATERIA - TERMINO TEMATICO
Término temático o nombre geográfico como elemento de entrada Suelos
650 ## - ASIENTO SECUNDARIO DE MATERIA - TERMINO TEMATICO
Término temático o nombre geográfico como elemento de entrada Paleoecología
650 ## - ASIENTO SECUNDARIO DE MATERIA - TERMINO TEMATICO
Término temático o nombre geográfico como elemento de entrada Vegetación
650 ## - ASIENTO SECUNDARIO DE MATERIA - TERMINO TEMATICO
Término temático o nombre geográfico como elemento de entrada Fauna
650 ## - ASIENTO SECUNDARIO DE MATERIA - TERMINO TEMATICO
Término temático o nombre geográfico como elemento de entrada Parques nacionales naturales
650 ## - ASIENTO SECUNDARIO DE MATERIA - TERMINO TEMATICO
Término temático o nombre geográfico como elemento de entrada Areas protegidas
650 ## - ASIENTO SECUNDARIO DE MATERIA - TERMINO TEMATICO
Término temático o nombre geográfico como elemento de entrada Páramos
650 ## - ASIENTO SECUNDARIO DE MATERIA - TERMINO TEMATICO
Término temático o nombre geográfico como elemento de entrada Bosques altoandinos
650 ## - ASIENTO SECUNDARIO DE MATERIA - TERMINO TEMATICO
Término temático o nombre geográfico como elemento de entrada Geología
662 ## - ASIENTO SECUNDARIO DE MATERIA - JERARQUIA DEL NOMBRE DE LUGAR(
País o entidad mayor Colombia
Jurisdicción política intermedia Cordillera Central
662 ## - ASIENTO SECUNDARIO DE MATERIA - JERARQUIA DEL NOMBRE DE LUGAR(
País o entidad mayor Colombia
Jurisdicción política intermedia Parque Nacional Natural Los Nevados
Jurisdicción política de primer orden Caldas, Risaralda, Quindío y Tolima
700 ## - ASIENTO SECUNDARIO - NOMBRE PERSONAL
Nombre personal Pérez Preciado, Alfonso
700 ## - ASIENTO SECUNDARIO - NOMBRE PERSONAL
Nombre personal Pinto, Polidoro E.
942 ## - ELEMENTOS ADICIONALES (KOHA)
Tipo de ítem Libro
Sistema de clasificación Local
Existencias
Withdrawn status Lost status Sistema de Clasificación Damaged status No para préstamo Colección Ubicación Permanente Ubicación actual Fecha de adquisición Total Checkouts Número topográfico Inventario / Código de Barras Date last seen Ejemplar Price effective from Tipo de material
    Local     General Villa de Leyva Villa de Leyva 04/12/2012   LB-02251 004788 04/12/2012 V. 1 Ej. 1 04/12/2012 Libro